|
|
|
|
| LEADER |
01236nam a2200301 i 4500 |
| 001 |
36213 |
| 003 |
BD-DhAAL |
| 005 |
20211130154400.0 |
| 008 |
191104t1977 njua b 001 0 eng d |
| 999 |
|
|
|c 41732
|d 41732
|
| 010 |
|
|
|a 77023942
|
| 020 |
|
|
|a 0470992735
|
| 040 |
|
|
|a DLC
|c DLC
|d DLC
|d BD-DhAAL
|
| 050 |
0 |
0 |
|a BF723.M4
|b P47
|
| 082 |
0 |
0 |
|a 155.413
|
| 245 |
0 |
0 |
|a Perspectives on the development of memory and cognition /
|c edited by Robert V. Kail, Jr., John W. Hagen.
|
| 260 |
|
|
|a Hillsdale, N.J. :
|b L. Erlbaum Associates ;
|a New York :
|b distributed by the Halsted Press Division of J. Wiley,
|c 1977.
|
| 300 |
|
|
|a xiii, 498 pages :
|b illustrations ;
|c 24 cm.
|
| 504 |
|
|
|a Includes bibliographies and indexes.
|
| 526 |
|
|
|a BIED
|
| 541 |
|
|
|a Complimentary copy from BIED
|e 36213
|
| 650 |
|
0 |
|a Memory in children.
|9 36711
|
| 650 |
|
0 |
|a Cognition in children.
|9 36712
|
| 700 |
1 |
|
|a Kail, Robert V.
|9 36713
|
| 700 |
1 |
|
|a Hagen, John W.
|9 36714
|
| 852 |
|
|
|a Ayesha Abed Library
|c BIED Collection
|
| 942 |
|
|
|2 ddc
|c BK
|
| 952 |
|
|
|0 0
|1 0
|2 ddc
|4 0
|6 155_413000000000000_PER
|7 0
|9 66988
|a BRACUL
|b BRACUL
|c GEN
|d 2019-11-04
|e Complimentary copy from BIED
|l 0
|o 155.413 PER
|p 3010036213
|r 2019-11-04
|t 1
|w 2019-11-04
|y BK
|x Transferred from BIED to General Stacks
|